Pays plus grands que la France - Statistiques

Statistiques générales
  • Ce quiz a été pris 424 fois
  • Le résultat moyen est 32 sur 40
Statistiques - réponses
Superficie Pays % Correct
17 098 246 km2 Russie
100%
9 833 517 km2 Etats-Unis
99%
9 984 670 km2 Canada
98%
9 600 000 km2 Chine
98%
7 692 024 km2 Australie
97%
8 515 767 km2 Brésil
97%
2 780 400 km2 Argentine
95%
2 381 741 km2 Algérie
94%
3 287 263 km2 Inde
94%
1 964 375 km2 Mexique
94%
2 344 858 km2 République démocratique du Congo
90%
1 221 037 km2 Afrique du Sud
89%
1 564 116 km2 Mongolie
88%
2 206 714 km2 Arabie Saoudite
86%
1 141 748 km2 Colombie
85%
2 724 902 km2 Kazakhstan
85%
1 002 000 km2 Egypte
84%
1 910 931 km2 Indonésie
84%
756 102 km2 Chili
82%
1 628 750 km2 Iran
82%
1 285 216 km2 Pérou
81%
780 004 km2 Turquie
80%
796 095 km2 Pakistan
79%
1 240 192 km2 Mali
76%
1 267 000 km2 Niger
75%
1 861 484 km2 Soudan
75%
1 676 198 km2 Libye
73%
912 050 km2 Venezuela
73%
923 768 km2 Nigéria
72%
1 098 581 km2 Bolivie
69%
1 104 300 km2 Ethiopie
68%
1 284 000 km2 Tchad
67%
1 246 700 km2 Angola
65%
2 210 573 km2 Danemark
64%
1 030 700 km2 Mauritanie
64%
947 303 km2 Tanzanie
63%
824 116 km2 Namibie
62%
799 380 km2 Mozambique
60%
752 612 km2 Zambie
52%
676 553 km2 Birmanie
46%
Aucun quiz correspondant
Distribution des résultats
% des personnes avec chaque résultat
Percentile par nombre de réponses
Votre historique - résultats
Vous n’avez pas pris ce quiz